Campeões do Campeonato Brasileiro da Série D - Statistics

Estatísticas Gerais
  • Esse quiz foi jogado 282 vezes
    156 desde o último reset
  • A pontuação média é 9 de 13
Estatísticas das Respostas
Ano Estado Time % Correto
2015 SP Botafogo
81%
2013 PB Botafogo
81%
2012 MA Sampaio Corrêa
77%
2018 CE Ferroviário
72%
2020 SP Mirassol
69%
2017 PR Operário
69%
2016 RJ Volta Redonda
69%
2014 MG Tombense
67%
2021 GO Aparecidense
66%
2019 SC Brusque
65%
2011 MG Tupi
60%
2009 PA São Raimundo
56%
2010 CE Guarany de Sobral
50%
Nenhum quiz correspondente encontrado
Distribuição das Pontuações
Porcentagem de Pessoas com Cada Pontuação
Percentil de Números Respondidos
Sua Pontuação Histórica
Você não jogou esse quiz desde o último reset